00549nam a2200157Ia 4500008004100000082002000041100002300061245001300084260004000097300000900137630001800146650008300164942000900247952011800256999001700374211109s9999||||xx |||||||||||||| ||und|| a894.8123bKUN-N aKunjiraman Nair, P 0aNirmmala bNational Book StallaKottayamc1923 a82p. xGeneral Stack aMalayalam LiteraturevMalayalam FictionMalayalam NovelShort StoriesxMalayalam cBOOK 00104070aSBCLbSBCLc2d2021-11-09g100.00l0o894.8123 KUN-Np00033048r2021-11-09 00:00:00w2021-11-09yBOOK c31984d31984